Score 0/25 Timer 03:00
7 Plays Today
Clue Movie % Correct
SoonligheMoonlight
91.1%
PasablancsCasablanca
91%
AladiatosGladiator
89.1%
ApotlighySpotlight
87.9%
Men-HunBen-Hur
87.9%
ShicageChicago
87.5%
InforgivesUnforgiven
86.7%
TravehearnBraveheart
85.8%
SlatoorPlatoon
84.7%
TarasitsParasite
83.8%
OmadeulAmadeus
81%
ErgyArgo
79.9%
SandhsGandhi
75.8%
Clue Movie % Correct
DebeccoRebecca
74.6%
SitanioTitanic
72.6%
GamlerHamlet
63%
TavalcadyCavalcade
60.6%
BattosPatton
56.8%
SimarrosCimarron
55.9%
BrassCrash
53.8%
MocksRocky
53.2%
Alives!Oliver!
51.4%
PartsMarty
32.3%
SingeWings
31.1%
PigsGigi
29.7%
Remove Ads.
Support Sporcle.
Get the best of Sporcle when you Go Orange. This ad-free experience offers more features, more stats, and more fun while also helping to support Sporcle. Thank you for becoming a member.

You're not logged in!

Compare scores with friends on all Sporcle quizzes.
OR
Log In

Sporcle TV

Today on Sporcle TV


Watch our educational content, quiz creation guides, and fun videos on Sporcle TV.

Show Comments

Extras

Top Quizzes Today


Score Distribution

Paid Content

Your Account Isn't Verified!

In order to create a playlist on Sporcle, you need to verify the email address you used during registration. Go to your Sporcle Settings to finish the process.

Report this User

Report this user for behavior that violates our Community Guidelines.

Details: